[Event "Titled Tue 10th Jun Late"]
[Site "chess.com INT"]
[Date "2025.06.10"]
[Round "4"]
[White "Kravtsiv, Martyn"]
[Black "Manzone, Alessandro"]
[Result "0-1"]
[WhiteTitle "GM"]
[BlackTitle "FM"]
[WhiteElo "2598"]
[BlackElo "2397"]
[WhiteFideId "14113147"]
[BlackFideId "112488"]
[EventDate "2025.06.10"]

1. e4 e5 2. Nf3 Nc6 3. d4 exd4 4. Nxd4 Bc5 5. Nb3 Bb4+ 6. c3 Be7 7. c4 Nf6 8.
Bd3 a5 9. Be3 a4 10. Nc1 d6 11. f3 Ne5 12. O-O O-O 13. Be2 Be6 14. Na3 c6 15.
Bd4 c5 16. Be3 Nc6 17. Nd3 Nd7 18. Nf4 Nde5 19. Kh1 Nb4 20. Qd2 Qa5 21. Nxe6
fxe6 22. Nb5 Rad8 23. f4 Nec6 24. Bg4 e5 25. a3 Na6 26. Qd5+ Kh8 27. f5 Nc7 28.
Nxc7 Qxc7 29. Qd1 Nd4 30. Qxa4 Bf6 31. Qd1 Ra8 32. Bh3 Qe7 33. Rc1 Bg5 34. Rc3
Bxe3 35. Rxe3 Rab8 36. a4 Qg5 37. Rg3 Qh6 38. Bg4 Qf6 39. Rh3 Ra8 40. Be2 Nxe2
41. Qxe2 Rxa4 42. Rb3 Qe7 43. Rd1 Rfa8 44. g3 Ra1 45. Kg2 Rxd1 46. Qxd1 Ra6 47.
h4 Rc6 48. Qd5 h6 49. Ra3 Rc8 50. Ra7 Rb8 51. Kh3 Qc7 52. Qe6 Qc6 53. f6 Qxe4
54. fxg7+ Kh7 55. Ra1 Rg8 56. Qxd6 Rxg7 57. Rf1 Qg4+ 0-1

[Event "Titled Tue 10th Jun Late"]
[Site "chess.com INT"]
[Date "2025.06.10"]
[Round "4"]
[White "Estrada Nieto, Julian"]
[Black "Kleimenov, Nikolay"]
[Result "1/2-1/2"]
[WhiteTitle "IM"]
[BlackTitle "CM"]
[WhiteElo "2181"]
[BlackElo "2199"]
[WhiteFideId "5101018"]
[BlackFideId "34414223"]
[EventDate "2025.06.10"]

1. e4 c5 2. Nf3 d6 3. Bb5+ Nd7 4. a4 Nf6 5. Nc3 g6 6. O-O Bg7 7. Re1 O-O 8. a5
a6 9. Bf1 b5 10. axb6 Nxb6 11. d3 Rb8 12. Qd2 e5 13. Qg5 Nfd7 14. Qxd8 Rxd8 15.
Nd2 Nf8 16. Nc4 Ne6 17. Nxb6 Rxb6 18. Nd5 Rb8 19. Ne7+ Kf8 20. Nc6 Rb6 21. Nxd8
Nxd8 22. c3 Ne6 23. Ra2 Bb7 24. g3 d5 25. Bg2 d4 26. c4 Rb3 27. Rd1 Nd8 28. Bf1
Ke7 29. Bd2 Nc6 30. Rda1 Kd6 31. Be2 f5 32. f3 Kc7 33. Kf1 Kb6 34. Ke1 Ka7 35.
Kd1 Rb6 36. Kc1 Nb4 37. Ra5 Bf8 38. Bxb4 Rxb4 39. Kc2 Kb6 40. R5a4 a5 41. Rxb4+
cxb4 42. b3 Be7 43. Re1 Kc5 44. Bf1 Kd6 45. Bh3 Bc8 46. Ra1 Bd8 47. Re1 Bb6 48.
f4 exf4 49. gxf4 Bc7 50. exf5 gxf5 51. Re5 Kc6 52. Rd5 Bxf4 53. Bxf5 Bxf5 54.
Rxf5 Bxh2 55. Rh5 Bg3 56. Rxh7 Be1 57. Rh5 Kb6 58. Rb5+ Ka6 59. Rf5 Bc3 60. Rb5
Ba1 61. Kd1 Bc3 62. Ke2 Bb2 63. Kf3 Bc3 64. Ke4 Bb2 65. Kd5 Bc3 66. Kc6 Bb2 67.
Rb8 Ka7 68. Rb5 Ka6 69. c5 Bc3 70. Rb6+ Ka7 71. Kb5 Be1 72. c6 Bg3 73. Rb7+ Ka8
74. Kxa5 Bd6 75. Kb5 Bf8 76. Rd7 Kb8 77. Rd8+ Ka7 78. Rxf8 1/2-1/2

[Event "Titled Tue 10th Jun Late"]
[Site "chess.com INT"]
[Date "2025.06.10"]
[Round "4"]
[White "Shuvalova, Polina"]
[Black "Garcia, Jhoel"]
[Result "1-0"]
[WhiteTitle "IM"]
[BlackTitle "IM"]
[WhiteElo "2480"]
[BlackElo "2293"]
[WhiteFideId "24171760"]
[BlackFideId "3801110"]
[EventDate "2025.06.10"]

1. e4 c5 2. Nf3 a6 3. c3 d5 4. exd5 Qxd5 5. d4 e6 6. Nbd2 Nd7 7. Bc4 Qc6 8. O-O
Ngf6 9. Qe2 Be7 10. dxc5 Qxc5 11. Nb3 Qc7 12. Nbd4 Nb6 13. Bb3 O-O 14. Re1 Nbd5
15. Bg5 Re8 16. Rad1 Bd7 17. Ne5 h6 18. Bxf6 Bxf6 19. Nxd7 Qxd7 20. Qf3 Rad8 21.
c4 Nb4 22. Nf5 Qc7 23. Nxh6+ Kf8 24. Ng4 Bxb2 25. h4 Qc6 26. Qxc6 Nxc6 27. Ba4
Bc3 28. Rf1 Rxd1 29. Rxd1 Rd8 30. Rc1 Bd4 31. Bxc6 bxc6 32. Kf1 c5 33. Ke2 f5
34. Ne3 g6 35. Rb1 Kf7 36. Rb6 Kf6 37. Rxa6 Rb8 38. Nd5+ Ke5 39. f4+ Ke4 40.
Rxe6+ Be5 41. Rxe5+ Kd4 42. Ne3 Rb2+ 43. Kf3 Rxa2 44. Rd5+ Kc3 45. Rxc5 Ra1 46.
Rc6 Ra2 47. Rxg6 Kd4 48. Rg5 Ra5 49. Rxf5 Ra3 50. Re5 Rb3 51. h5 Rb8 52. h6 Rh8
53. c5 Rg8 54. h7 Rh8 55. Re7 Kd3 56. Nf5 Rf8 57. Nd6 Rh8 58. c6 Kd4 59. c7 Kd5
60. c8=Q Rxc8 61. Nxc8 Kc6 62. h8=Q Kd5 63. Qe5+ Kc4 64. Rc7+ Kb3 65. Qc3+ Ka2
66. Ra7+ Kb1 67. Ra1# 1-0

[Event "Titled Tue 10th Jun Late"]
[Site "chess.com INT"]
[Date "2025.06.10"]
[Round "4"]
[White "Erigaisi, Arjun"]
[Black "Ansat, Aldiyar"]
[Result "1-0"]
[WhiteTitle "GM"]
[BlackTitle "IM"]
[WhiteElo "2782"]
[BlackElo "2489"]
[WhiteFideId "35009192"]
[BlackFideId "13715658"]
[EventDate "2025.06.10"]

1. Nf3 d5 2. c4 e6 3. e3 Nf6 4. b3 b6 5. Bb2 Bb7 6. d4 Nbd7 7. Bd3 Bd6 8. O-O
O-O 9. Nc3 a6 10. Rc1 Qe7 11. Re1 Ne4 12. Ne2 Rad8 13. Qc2 f5 14. cxd5 exd5 15.
Ne5 Bxe5 16. dxe5 c5 17. f4 Rf7 18. Red1 Nf8 19. Nc3 Ne6 20. Na4 g5 21. fxg5
Qxg5 22. Qe2 Rdf8 23. Nxb6 f4 24. Bxe4 dxe4 25. Nd7 f3 26. Qf2 fxg2 27. Nf6+ Kh8
28. Rd6 Bc8 29. Rc2 Qh6 30. h4 Qg6 31. Rcd2 Rg7 32. Qe1 Qh6 33. Rxg2 Rxg2+ 34.
Kxg2 Rf7 35. Qf2 Rg7+ 36. Kf1 Qg6 37. Rd2 Qf7 38. Qf5 a5 39. Kf2 Qc7 40. Ne8 Rf7
41. Nxc7 Rxf5+ 42. Ke1 Nxc7 43. Rd8+ Kg7 44. Rxc8 Ne6 45. Ra8 Rh5 46. Rxa5 Rxh4
47. Ra7+ Kg6 48. a4 Rh2 49. Bc3 Rc2 50. Bd2 Rb2 51. a5 Ng5 52. Kd1 Nf3 53. Bc3
Rxb3 54. Kc2 c4 55. e6 Rb8 56. a6 h5 57. Rg7+ Kf5 58. a7 Ra8 59. e7 Ke6 60. Ba5
Ne5 61. Bd8 Kd7 62. Rg8 1-0

[Event "Titled Tue 10th Jun Late"]
[Site "chess.com INT"]
[Date "2025.06.10"]
[Round "4"]
[White "Sivakumar, Shaaketh"]
[Black "Bacrot, Etienne"]
[Result "1-0"]
[WhiteTitle "FM"]
[BlackTitle "GM"]
[WhiteElo "2279"]
[BlackElo "2633"]
[WhiteFideId "30940176"]
[BlackFideId "605506"]
[EventDate "2025.06.10"]

1. e4 c5 2. Nf3 Nc6 3. Bb5 e6 4. O-O Nge7 5. Re1 a6 6. Bf1 d5 7. exd5 Nxd5 8. d4
Nf6 9. Be3 Nd5 10. Bg5 f6 11. Bh4 cxd4 12. Nxd4 Nxd4 13. Qxd4 Nb4 14. Qxd8+ Kxd8
15. Na3 e5 16. Rxe5 g5 17. Rd1+ Bd7 18. Re4 Bc5 19. Bg3 Re8 20. Rxe8+ Kxe8 21.
c3 Nxa2 22. Nc4 b5 23. Nd2 Be6 24. Ne4 Be7 25. Ra1 Rd8 26. h4 h6 27. hxg5 hxg5
28. c4 bxc4 29. Rxa2 c3 30. Rxa6 c2 31. Rc6 Rc8 32. Bc7 Bd5 33. Nxf6+ Bxf6 34.
Rxc2 Kd7 35. Bb5+ Ke6 36. Re2+ Kf7 37. Bg3 Rc5 38. Bd3 Rc1+ 39. Kh2 Bb3 40. Bf5
Rc5 41. Bd7 Kg7 42. Rd2 Ra5 43. Bg4 Ra2 44. Rd7+ Kg8 45. Rb7 Bd5 46. Rb8+ Kg7
47. b4 Ra4 48. Bf3 Be6 49. b5 g4 50. Bc6 Rc4 51. Rb6 Rc1 52. Bf4 Bf5 53. Bd5 Rd1
54. Rb7+ Kg6 55. Bc6 g3+ 56. Kxg3 Bd4 57. Be3 Rd3 58. Bf3 Bxe3 59. fxe3 Rxe3 60.
b6 Rb3 61. Rb8 Be4 62. Kf4 Bxf3 63. gxf3 Kf7 64. b7 Kg7 65. Kg4 Rb4+ 66. f4 Rb1
67. f5 Rb2 68. f6+ Kf7 69. Rh8 Rb4+ 70. Kf3 Kg6 71. b8=Q 1-0

[Event "Titled Tue 10th Jun Late"]
[Site "chess.com INT"]
[Date "2025.06.10"]
[Round "4"]
[White "Klys, Kacper"]
[Black "Unsal, Gorkem"]
[Result "1-0"]
[BlackTitle "CM"]
[WhiteElo "2218"]
[BlackElo "2109"]
[WhiteFideId "21005281"]
[BlackFideId "51607484"]
[EventDate "2025.06.10"]

1. e4 c5 2. Nf3 Nc6 3. Bb5 g6 4. O-O Bg7 5. c3 Nf6 6. Re1 O-O 7. d4 d5 8. e5 Ne4
9. Bxc6 bxc6 10. Be3 cxd4 11. cxd4 Rb8 12. Qc1 Qb6 13. b3 Qa5 14. Nfd2 c5 15.
Nxe4 dxe4 16. Nd2 cxd4 17. Bxd4 Bb7 18. Nc4 Qd5 19. Qb2 Rfd8 20. Rad1 Ba6 21.
Ne3 Qb7 22. e6 Rxd4 23. Rxd4 Qb6 24. Red1 Bd3 25. exf7+ Kxf7 26. Nc2 Rc8 27. b4
Rxc2 28. Qb3+ Kf6 29. Qd5 e6 30. Qd7 Rc7 31. Qd8+ Re7 32. Qxb6 axb6 33. Rd6 Rb7
34. f3 Ke5 35. Rc6 Be2 36. Re1 exf3 37. gxf3 Kd5 38. Rc8 Bd4+ 39. Kg2 Bb5 40.
Rd8+ Rd7 41. Re8 Rf7 42. R8xe6 Bc6 43. R6e4 Kc4 44. Rc1+ Kd5 45. Rd1 Kc4 46.
Rdxd4+ Kc3 47. Rc4+ Kd3 48. Rxc6 Ra7 49. Rd6+ Kc3 50. Re3+ Kxb4 51. Rd4+ Kc5 52.
Rd2 Rf7 53. Rc3+ Kb4 54. Rb3+ Ka4 55. Rd4+ Ka5 56. Rd6 b5 57. Rd5 Ka4 58. Rdxb5
h5 59. R5b4+ Ka5 60. Re4 h4 61. Rxh4 g5 62. Rhb4 g4 63. Rb8 gxf3+ 64. Kf2 Ra7
65. Ra3# 1-0

[Event "Titled Tue 10th Jun Late"]
[Site "chess.com INT"]
[Date "2025.06.10"]
[Round "4"]
[White "Deveci, Huseyin Said"]
[Black "Gimeno Martos, Roberto"]
[Result "1-0"]
[WhiteTitle "CM"]
[BlackTitle "CM"]
[WhiteElo "2212"]
[BlackElo "2090"]
[WhiteFideId "26322455"]
[BlackFideId "2226804"]
[EventDate "2025.06.10"]

1. c4 c5 2. Nc3 Nc6 3. g3 Nf6 4. Bg2 g6 5. Nf3 Bg7 6. O-O O-O 7. d4 cxd4 8. Nxd4
Nxd4 9. Qxd4 d6 10. Rd1 Ng4 11. Qd2 Qb6 12. e3 Be6 13. b3 Rac8 14. Bb2 h5 15.
Na4 Qc7 16. Bxg7 Kxg7 17. Qd4+ Nf6 18. Qxa7 Rb8 19. Qd4 b5 20. cxb5 Rxb5 21.
Rac1 Qa5 22. h3 Kg8 23. Kh2 Rb4 24. Qd2 Rb5 25. Qxa5 Rxa5 26. Rc7 Re8 27. Bc6
Rc8 28. Rxc8+ Bxc8 29. Rc1 Be6 30. Nc3 Rc5 31. Bf3 Nd7 32. b4 Rc4 33. b5 Nb6 34.
Be2 Rb4 35. a3 Rb2 36. Kg2 Bd7 37. h4 Bc8 38. Kf1 Bh3+ 39. Ke1 Be6 40. a4 Rb4
41. a5 Nd7 42. a6 Nb6 43. Ra1 Rb3 44. Kd2 Bd7 45. Kc2 Rb4 46. Bf3 Bxb5 47. Nxb5
Rxb5 48. a7 Rc5+ 49. Kd1 Rc8 50. a8=Q Nxa8 51. Rxa8 Rxa8 52. Bxa8 Kg7 53. Ke2
Kf6 54. Bf3 e5 55. Kd3 Ke6 56. Kc4 f5 57. Bd5+ Kf6 58. Kb5 f4 59. Kc6 fxg3 60.
fxg3 Kf5 61. Bf3 e4 62. Be2 Ke5 63. Bd1 d5 64. Kc5 d4 65. exd4+ Kf5 66. d5 e3
67. d6 Ke6 68. Kc6 e2 69. Bxe2 1-0

[Event "Titled Tue 10th Jun Late"]
[Site "chess.com INT"]
[Date "2025.06.10"]
[Round "4"]
[White "Nalbandyan, Vahan"]
[Black "Puzyrevsky, Semyon"]
[Result "1-0"]
[WhiteTitle "CM"]
[BlackTitle "FM"]
[WhiteElo "2155"]
[BlackElo "2292"]
[WhiteFideId "13309439"]
[BlackFideId "24240931"]
[EventDate "2025.06.10"]

1. e4 c5 2. Nf3 d6 3. Bb5+ Nd7 4. a4 Nf6 5. Nc3 g6 6. O-O Bg7 7. a5 O-O 8. Re1
a6 9. Bf1 Nb8 10. e5 Nfd7 11. exd6 exd6 12. d4 Nc6 13. Bg5 Bf6 14. Bxf6 Nxf6 15.
dxc5 dxc5 16. Qc1 Bg4 17. Ne5 Nxe5 18. Rxe5 Qd4 19. Qe3 Qxe3 20. Rxe3 Rfe8 21.
Rxe8+ Rxe8 22. Bd3 Kg7 23. f3 Be6 24. Kf2 c4 25. Bf1 Nd7 26. Rd1 Ne5 27. Ne4 Nc6
28. Nd6 Rd8 29. Ke1 c3 30. b4 Rd7 31. Ne8+ Kf8 32. Rxd7 Bxd7 33. Nd6 Nxb4 34.
Nxb7 Nxc2+ 35. Kf2 Nb4 36. Ke3 Bf5 37. Nc5 Nd5+ 38. Kd4 c2 39. Nb3 Nb4 40. Kc3
Nc6 41. g4 Nxa5 42. Nc1 Bc8 43. Kxc2 Nc6 44. Kc3 Ke7 45. Nb3 Kd6 46. f4 a5 47.
Bb5 Bxg4 48. Bxc6 Kxc6 49. Nxa5+ Kd5 50. Kd3 Bd1 51. Kd2 Ba4 52. Nb7 Bc6 53. Na5
Bd7 54. Ke3 Ba4 55. Nb7 f5 56. Nd8 Be8 57. Nb7 Bd7 58. Na5 Ba4 59. Kd3 Kc5 60.
Nb7+ Kd5 61. Na5 h6 62. h4 Bc6 63. Nb3 Bb5+ 64. Ke3 Kc4 65. Nd4 Be8 66. Nf3 Kc3
67. Ne5 Kc2 68. Nc4 Kd1 69. Nd6 Bd7 70. Nf7 h5 71. Ne5 Be8 72. Kf3 Kd2 73. Kg3
Ke3 74. Nf3 Ke4 75. Ng5+ Kd3 76. Nh7 Ke3 77. Nf6 Bf7 78. Nh7 Kd4 79. Ng5 Bd5 80.
Nh7 Kc5 81. Ng5 Kd6 82. Nh3 Bb3 83. Ng5 Bc2 84. Nf7+ Ke7 85. Ne5 Kf6 86. Nf3 Be4
87. Ng5 Bd5 88. Kf2 Bc4 89. Ke3 Bf1 90. Kd4 Bg2 91. Nh7+ Kg7 92. Ng5 Kf6 93. Kc5
Be4 94. Kd6 Bg2 95. Nh7+ Kf7 96. Ke5 Bf3 97. Ng5+ Kg7 98. Nxf3 1-0

[Event "Titled Tue 10th Jun Late"]
[Site "chess.com INT"]
[Date "2025.06.10"]
[Round "4"]
[White "Shukhman, Anna"]
[Black "Ahmad, Al Khatib"]
[Result "1-0"]
[WhiteTitle "WGM"]
[BlackTitle "GM"]
[WhiteElo "2413"]
[BlackElo "2172"]
[WhiteFideId "54180058"]
[BlackFideId "8103178"]
[EventDate "2025.06.10"]

1. e4 d6 2. d4 Nf6 3. Nc3 e5 4. Nf3 Nbd7 5. Bc4 Be7 6. a4 O-O 7. O-O c6 8. Re1
h6 9. h3 Re8 10. Qe2 exd4 11. Nxd4 Bf8 12. Qd1 d5 13. exd5 Rxe1+ 14. Qxe1 Nb6
15. Bb3 Nbxd5 16. Nxd5 Nxd5 17. c3 Bc5 18. Nf3 Be6 19. Bc2 a5 20. Qe4 Nf6 21.
Qh4 Bd5 22. Nd4 Ne4 23. Qxd8+ Rxd8 24. Be3 Bxd4 25. Bxd4 Nd6 26. b3 Be4 27. Bxe4
Nxe4 28. Re1 f5 29. f3 c5 30. Be3 Nxc3 31. Bxc5 Rd2 32. Re7 Ne2+ 33. Kf1 Nf4 34.
g3 Nd3 35. Bd4 Nc1 36. Rxg7+ Kf8 37. Bf6 Nxb3 38. Rxb7 Nc5 39. Be7+ Ke8 40. Bxc5
Rc2 41. Bf2 Ra2 42. Rb5 Rxa4 43. Rxf5 Ra2 44. Rh5 a4 45. Rxh6 a3 46. Bd4 Rd2 47.
Bh8 a2 48. Ra6 Kf7 49. h4 Kg8 50. Bf6 Kf7 51. h5 Rc2 52. h6 Kg6 53. Bg7+ Kh7 54.
g4 Rh2 55. g5 Rc2 56. f4 Kg8 57. Ra8+ Kf7 58. h7 Kg6 59. h8=Q Rc1+ 60. Ke2 a1=Q
61. Qh6+ Kf5 62. Bxa1 Rxa1 63. Qf6+ Kg4 64. Rxa1 Kg3 65. g6 Kg4 66. g7 Kh5 67.
Rh1+ Kg4 68. g8=Q# 1-0

[Event "Titled Tue 10th Jun Late"]
[Site "chess.com INT"]
[Date "2025.06.10"]
[Round "4"]
[White "Noroozi, Omid"]
[Black "Mayaud, Raphael"]
[Result "1/2-1/2"]
[WhiteTitle "IM"]
[BlackTitle "CM"]
[WhiteElo "2266"]
[BlackElo "2126"]
[WhiteFideId "12501190"]
[BlackFideId "627151"]
[EventDate "2025.06.10"]

1. c4 c6 2. Nf3 d5 3. e3 Nf6 4. Nc3 g6 5. cxd5 cxd5 6. d4 Bg7 7. Bd3 O-O 8. O-O
Nc6 9. a3 b6 10. Ne5 Bb7 11. f4 Rc8 12. Bd2 Nxe5 13. fxe5 Ne4 14. Nxe4 dxe4 15.
Bc2 Bd5 16. Rc1 Qd7 17. Rf4 Qb7 18. Qe1 Rc7 19. Bc3 f5 20. exf6 Rxf6 21. Qh4
Rxf4 22. Qxf4 e6 23. Qg4 Rf7 24. h4 Rf5 25. Rf1 Qf7 26. Re1 h5 27. Qg3 Kh7 28.
Bd1 Qd7 29. Be2 Qc6 30. Rf1 Qd7 31. Rxf5 exf5 32. Qg5 Qf7 33. Qf4 Bh6 34. Qf2
Qf6 35. g3 Qc6 36. Bf1 Bf8 37. Kg2 Bd6 38. Be2 Qd7 39. Bd1 Qe6 40. Be2 Bc4 41.
Bd1 Bd3 42. Be2 Qd5 43. Bf1 Be7 44. Kg1 Bd6 45. Kg2 Qe6 46. Qe1 Qd7 47. Qf2 Qc7
48. Be2 Qc6 49. Bd1 Qc7 50. Be2 Qc6 51. Bd1 Qc7 52. Qe1 Qc6 53. Qg1 Qc7 54. Be1
Qc1 55. Bc3 Qb1 56. Kf2 Qc1 57. Qe1 Bc2 58. Bxc2 Qxc2+ 59. Qd2 Qxd2+ 60. Bxd2
Kg8 61. Be1 Kf7 62. Ke2 Ke6 63. Kd2 Kd5 64. Kc3 Bc7 65. a4 a5 66. b3 Bd6 67. Kc2
Bc7 68. Bf2 Bd6 69. Be1 Be7 70. Bf2 Bd6 71. Kd2 Bb4+ 72. Kc2 Bd6 1/2-1/2

[Event "Titled Tue 10th Jun Late"]
[Site "chess.com INT"]
[Date "2025.06.10"]
[Round "4"]
[White "Jimenez Salas, Maria Teresa"]
[Black "Venskaya, Nika"]
[Result "0-1"]
[WhiteTitle "WIM"]
[BlackTitle "WCM"]
[WhiteElo "2170"]
[BlackElo "1926"]
[WhiteFideId "3843866"]
[BlackFideId "13523503"]
[EventDate "2025.06.10"]

1. e4 c5 2. Nf3 d6 3. d4 cxd4 4. Nxd4 Nf6 5. f3 g6 6. c4 Bg7 7. Nc3 O-O 8. Be3
Nc6 9. Be2 Nxd4 10. Bxd4 Be6 11. Rc1 a6 12. Qd2 Rc8 13. b3 Qa5 14. Be3 b5 15.
Nd5 Qxd2+ 16. Kxd2 Bxd5 17. cxd5 Nd7 18. Rxc8 Rxc8 19. Rc1 Rxc1 20. Kxc1 Nc5 21.
b4 Na4 22. Bd1 Nc3 23. Bb3 Be5 24. Kc2 Ne2 25. Kd2 Nd4 26. Bd1 Bf6 27. Kd3 e5
28. dxe6 Nxe6 29. a4 Nc7 30. Bb6 Na8 31. Ba5 Kf8 32. axb5 axb5 33. Ke3 Ke8 34.
Be2 Bg5+ 35. f4 Bd8 36. Bxb5+ Ke7 37. Bc6 Nc7 38. b5 Nd5+ 39. Bxd5 Bxa5 40. Kd4
Bb6+ 41. Kc4 f6 42. g4 h5 43. Kd3 hxg4 44. Ke2 f5 45. e5 dxe5 46. fxe5 Bd4 47.
e6 Bc5 48. Kd3 Kd6 49. Kc4 Bb6 50. Bb7 Kxe6 51. Kd3 Ke5 52. Ke2 g5 53. Kf1 f4
54. Kg2 f3+ 55. Kf1 Kf4 56. Bc8 g3 57. hxg3+ Kxg3 58. Be6 g4 59. Bd5 Kf4 60. Be6
g3 61. Bh3 Ke3 62. Kg1 Kf4+ 63. Kh1 Bc5 64. Bf1 Kg4 65. b6 Bxb6 66. Bh3+ Kf4 67.
Bf1 Ke3 68. Bh3 Kf2 69. Bf1 g2+ 70. Bxg2 fxg2+ 71. Kh2 g1=Q+ 72. Kh3 Qg3# 0-1

[Event "Titled Tue 10th Jun Late"]
[Site "chess.com INT"]
[Date "2025.06.10"]
[Round "4"]
[White "Askarov, Bakhtiyar"]
[Black "Stankovic, Boris"]
[Result "0-1"]
[WhiteTitle "IM"]
[BlackTitle "FM"]
[WhiteElo "2297"]
[BlackElo "2298"]
[WhiteFideId "13701100"]
[BlackFideId "985317"]
[EventDate "2025.06.10"]

1. d4 Nf6 2. Nf3 g6 3. b3 Bg7 4. Bb2 O-O 5. e3 d6 6. Be2 Nc6 7. O-O e5 8. dxe5
Ng4 9. c4 Ngxe5 10. Nxe5 Nxe5 11. Nc3 Bd7 12. Qd2 Bc6 13. Rac1 Re8 14. Rfd1 Rc8
15. b4 b6 16. Nd5 Ba8 17. f4 Nd7 18. Bxg7 Kxg7 19. Qd4+ Nf6 20. Bf3 c5 21. Qxf6+
Qxf6 22. Nxf6 Kxf6 23. Rxd6+ Ke7 24. bxc5 Rxc5 25. Rd4 Bxf3 26. gxf3 Rec8 27.
Rcd1 R8c7 28. Re4+ Kf8 29. Rdd4 b5 30. Kf2 bxc4 31. Rd2 c3 32. Rc2 Rd7 33. Ke2
Rcd5 34. Rc4 Rd2+ 35. Rxd2 Rxd2+ 36. Ke1 Rxh2 37. Rxc3 Rxa2 38. Rc8+ Kg7 39. e4
h5 40. e5 Ra4 41. Rc7 Rxf4 42. e6 Rf6 43. e7 Re6+ 44. Kf2 Kf6 45. Rxa7 Rxe7 46.
Ra6+ Re6 47. Ra5 Kg7 48. Kg3 Rb6 49. Rc5 f6 50. Rc7+ Kh6 51. f4 Rb3+ 52. Kg2 h4
53. Rf7 Rb6 54. Kh3 g5 55. Kg4 Kg6 56. Rf8 Rb4 57. Rg8+ Kf7 58. Rc8 Rxf4+ 59.
Kh3 Kg6 60. Rc5 Rf3+ 61. Kg4 Rf4+ 62. Kh3 Ra4 63. Rd5 Kh5 64. Rf5 Ra3+ 65. Kh2
Kg6 66. Rc5 g4 67. Rd5 f5 68. Rd6+ Kg5 69. Ra6 Rxa6 0-1

[Event "Titled Tue 10th Jun Late"]
[Site "chess.com INT"]
[Date "2025.06.10"]
[Round "4"]
[White "Avramidou, Anastasia"]
[Black "Shi, Roger V"]
[Result "1/2-1/2"]
[WhiteTitle "FM"]
[WhiteElo "2294"]
[BlackElo "2137"]
[WhiteFideId "4239873"]
[BlackFideId "30980119"]
[EventDate "2025.06.10"]

1. Nf3 d5 2. d4 Nf6 3. c4 e6 4. Nc3 c5 5. e3 Nc6 6. a3 Be7 7. Be2 O-O 8. dxc5
Bxc5 9. b4 Be7 10. cxd5 exd5 11. O-O Be6 12. Bb2 a6 13. Nd4 Qc7 14. Rc1 Rfd8 15.
h3 Qd7 16. Nxe6 Qxe6 17. Na4 Ne4 18. Bf3 Ne5 19. Be2 Rd6 20. Nc5 Nxc5 21. bxc5
Rc6 22. Qb3 Bxc5 23. Qxb7 Rac8 24. Qb3 h6 25. Rfd1 Rd8 26. Qa4 Rcc8 27. Qxa6 Qf5
28. Qa4 Rd6 29. Qf4 Qxf4 30. exf4 Nd7 31. Bg4 Rc7 32. Bd4 Bb6 33. Bxb6 Rxc1 34.
Rxc1 Nxb6 35. Be2 f6 36. Bd3 Kf7 37. g3 Ke6 38. Kg2 Rd7 39. Ra1 Ra7 40. Kf3 Na4
41. Ke3 Nc5 42. Bc2 Kd6 43. a4 Ra5 44. Ra3 Ne6 45. g4 Nc5 46. h4 Ke6 47. f3 Kd6
48. Kd4 Na6 49. g5 hxg5 50. fxg5 fxg5 51. hxg5 Nb4 52. Bd1 Nc6+ 53. Ke3 Ne5 54.
Bb3 Kc5 55. Kf4 Kb4 56. Kxe5 Kxa3 57. Bxd5 Kxa4 58. f4 Kb4 59. f5 Kc5 60. f6
gxf6+ 61. gxf6 Kb5 62. Ke4 Ra8 63. Be6 Ra6 64. Ke5 Kc5 65. Kf5 Ra8 66. Bf7 Rf8
67. Kg6 Kd6 68. Kg7 Rd8 69. Bg6 Ke5 70. f7 Ke6 71. Bh5 Rd7 72. Bg6 Rd8 73. Bh5
Ke7 74. Bg6 Rf8 75. Bh5 Rxf7+ 76. Bxf7 1/2-1/2

[Event "Titled Tue 10th Jun Late"]
[Site "chess.com INT"]
[Date "2025.06.10"]
[Round "4"]
[White "Anhwere, Bernard"]
[Black "Bratovic, Blaz"]
[Result "1-0"]
[WhiteTitle "CM"]
[BlackTitle "IM"]
[WhiteElo "1906"]
[BlackElo "2319"]
[WhiteFideId "12600580"]
[BlackFideId "14603551"]
[EventDate "2025.06.10"]

1. d4 f5 2. Nf3 Nf6 3. g3 e6 4. Bg2 d5 5. O-O Bd6 6. c4 O-O 7. cxd5 exd5 8. Nc3
c6 9. Bf4 Bxf4 10. gxf4 Ne4 11. Ne5 Nd7 12. Nxe4 fxe4 13. Qb3 Kh8 14. e3 g5 15.
f3 gxf4 16. fxe4 Nxe5 17. dxe5 f3 18. Rxf3 Rxf3 19. Bxf3 Qg5+ 20. Kh1 Bg4 21.
Bxg4 Qxg4 22. Rf1 Qxe4+ 23. Kg1 Rg8+ 24. Kf2 Qh4+ 25. Ke2 Rg2+ 26. Kd1 Qh5+ 27.
Kc1 Qe2 28. Rd1 b5 29. Qc3 b4 30. Qb3 Kg7 31. Kb1 Kf7 32. a4 a5 33. Rc1 Ke7 34.
Rxc6 Rg1+ 35. Ka2 Qe1 36. Qxd5 Qa1+ 37. Kb3 Qd1+ 38. Qxd1 Rxd1 39. Rc5 Rd2 40.
Rxa5 Rxh2 41. Ra7+ Ke6 42. a5 Kxe5 43. a6 Kd6 44. Ra8 Kc7 45. a7 Kb7 46. Re8
Kxa7 47. Re5 Rh3 48. Kxb4 h5 49. b3 Kb6 50. Re6+ Kb7 51. Kb5 h4 52. Re7+ Kc8 53.
Kc6 Kb8 54. b4 Rh1 55. b5 Rc1+ 56. Kb6 Kc8 57. Rh7 Rc3 58. e4 h3 59. e5 Kd8 60.
e6 Ke8 61. Ka7 Ra3+ 62. Kb7 Rb3 63. b6 Re3 64. Ka6 Ra3+ 65. Kb7 Rb3 66. Ka7 Ra3+
67. Kb8 Rb3 68. b7 h2 69. Rxh2 Ke7 70. Re2 Rb1 71. Kc7 Rc1+ 72. Kb6 Rb1+ 73. Ka6
Ra1+ 74. Kb5 Rb1+ 75. Kc6 Rc1+ 76. Kd5 Rb1 77. Rg2 Rd1+ 78. Ke5 Re1+ 79. Kf5 Rb1
80. Rg7+ Kf8 81. Rf7+ Ke8 82. Rc7 Kd8 83. Rc8+ Ke7 84. b8=Q 1-0

[Event "Titled Tue 10th Jun Late"]
[Site "chess.com INT"]
[Date "2025.06.10"]
[Round "4"]
[White "Deichmann, Esteban Horacio"]
[Black "Mekhitarian, Krikor Sevag"]
[Result "1-0"]
[BlackTitle "GM"]
[WhiteElo "2103"]
[BlackElo "2564"]
[WhiteFideId "167410"]
[BlackFideId "2107660"]
[EventDate "2025.06.10"]

1. e4 c5 2. c3 Nf6 3. e5 Nd5 4. d4 cxd4 5. cxd4 d6 6. Nf3 Nc6 7. Bc4 dxe5 8.
dxe5 Ndb4 9. Qb3 e6 10. O-O Na5 11. Qa4+ Bd7 12. Bb5 Bxb5 13. Qxb5+ Nac6 14. Nc3
a6 15. Qe2 Qd3 16. Rd1 Qxe2 17. Nxe2 Nd5 18. Nf4 Nxf4 19. Bxf4 Be7 20. a3 Rd8
21. Kf1 Rd7 22. Ke2 h6 23. h4 Kd8 24. Rac1 Rxd1 25. Rxd1+ Kc7 26. g4 h5 27. g5
g6 28. Be3 Rb8 29. Rc1 Kd7 30. Bc5 Bxc5 31. Rxc5 Ne7 32. Nd4 Rd8 33. Ke3 Nd5+
34. Ke4 Rb8 35. f4 Ne7 36. b4 b6 37. Rc1 Rc8 38. Rd1 Ke8 39. Rd3 Nd5 40. Ne2
Rc4+ 41. Kf3 Ke7 42. Rd4 Rc2 43. Rd3 Ra2 44. Nd4 Kd7 45. b5 axb5 46. Nxb5 Ra1
47. Nd6 Rf1+ 48. Kg3 Rg1+ 49. Kh2 Rg4 50. Nxf7 Rxf4 51. Nh8 Rxh4+ 52. Kg2 Rg4+
53. Rg3 Rxg5 54. Rxg5 Nf4+ 55. Kg3 Ne2+ 56. Kh4 Nd4 57. Rxg6 Kc6 58. Nf7 Kd5 59.
Kxh5 Nf3 60. Rg8 b5 61. Rb8 Nd4 62. Kg6 Nc6 63. Rb7 Kc4 64. Kf6 Nd4 65. Nd6+ 1-0

[Event "Titled Tue 10th Jun Late"]
[Site "chess.com INT"]
[Date "2025.06.10"]
[Round "4"]
[White "Sanchez Negreiros, Jose Alberto"]
[Black "Duarte Cramer, Lily Jeanette"]
[Result "0-1"]
[WhiteTitle "FM"]
[BlackTitle "WCM"]
[WhiteElo "2224"]
[BlackElo "1828"]
[WhiteFideId "3851516"]
[BlackFideId "29620180"]
[EventDate "2025.06.10"]

1. c4 c6 2. g3 d5 3. Nf3 Nf6 4. Bg2 g6 5. O-O Bg7 6. d4 O-O 7. Nc3 e6 8. b3 Nbd7
9. Ba3 Re8 10. Qc2 Bf8 11. Bxf8 Nxf8 12. e4 dxe4 13. Nxe4 Nxe4 14. Qxe4 Qf6 15.
Rad1 Qf5 16. Qe5 Qxe5 17. dxe5 Bd7 18. Ng5 Rad8 19. Ne4 Re7 20. Nf6+ Kg7 21. Rd2
Rc8 22. Rfd1 Rc7 23. c5 Bc8 24. Rd8 Nd7 25. Ne8+ Rxe8 26. Rxe8 Nxe5 27. Rdd8 Bd7
28. Rg8+ Kf6 29. Bf1 Nf3+ 30. Kg2 Nd2 31. f4 Ne4 32. b4 Nc3 33. Bc4 Nd5 34. Bxd5
exd5 35. Kf3 h5 36. Ke3 Ke7 37. Kd4 Kf6 38. a4 Be6 39. Rge8 a6 40. Rd6 Kf5 41.
h3 Kf6 42. g4 hxg4 43. hxg4 Re7 44. Rxe7 Kxe7 45. g5 Bf5 46. Ke5 Bd3 47. Kd4 Bf1
48. Rf6 Bh3 49. b5 axb5 50. axb5 cxb5 51. Rb6 Bc8 52. Kxd5 Be6+ 53. Ke5 Kd7 54.
Rxb7+ Kc6 55. Rb8 Kxc5 56. Kf6 b4 57. Ke5 Kc4 58. Ke4 Kb3 59. Kd3 Ka3 60. Kd2 b3
61. Kc3 Ka2 62. Ra8+ Kb1 63. Ra7 Kc1 64. Rb7 Bd5 0-1